Introducción al análisis transaccional: los juegos psicológicos

Saved in:
Bibliographic Details
Main Authors: Kertész, Roberto (Author), Casale, F. P. del (Author), Kerman, C (Author), Savorgnan, J. A (Author), Slipak, B (Author)
Format: Book
Language:Spanish
Published: Buenos Aires Paidós 1975
Series:Biblioteca de Psiquiatría, Psicopatología y Psicosomática. Serie Mayor, 51
Subjects:
Tags: Add Tag
No Tags, Be the first to tag this record!

MARC

LEADER 00000nam a2200000 a 4500
001 UCM8906
003 CL-VaPUC
008 030404e19750000AG |||||||||||||||||spa|d
082 0 4 |a 158.9  |b KER  |2 21 
100 |a Kertész, Roberto  |e author  |9 475199 
700 0 |a Casale, F. P. del  |e author  |9 475200 
700 0 |a Kerman, C  |e author  |9 475201 
700 0 |a Savorgnan, J. A  |e author  |9 475202 
700 0 |a Slipak, B  |e author  |9 475203 
245 1 0 |a Introducción al análisis transaccional: los juegos psicológicos 
300 |a 222 p 
942 |c BK 
945 |d 20030404 00:00:00  |a cmena 
260 |a Buenos Aires  |b Paidós  |c 1975 
650 0 |a Análisis transaccional  |9 269291 
650 0 |a Psicología aplicada   |9 270762 
650 7 |a JUEGOS PSICOLOGICOS  |2 CL-VaPUC  |9 315421 
650 7 |a PSICOTERAPIA  |2 CL-VaPUC  |9 475204 
583 |a last modification  |c 20030404 00:00:00  |k Rodrigo Vera 
490 0 |a Biblioteca de Psiquiatría, Psicopatología y Psicosomática. Serie Mayor, 51 
999 |c 303322  |d 303320 
952 |0 0  |1 0  |4 0  |6 158_900000000000000_KER_1975  |7 0  |8 A  |9 364533  |a BIBEDU  |b BIBEDU  |d 2019-11-21  |i 3890481  |o 158.9 KER 1975  |p 3890481  |r 2019-11-21  |w 2019-11-21  |y BK  |k BME